| 000 | 00622nam a2200169 a 4500 | ||
|---|---|---|---|
| 001 | 000026293 | ||
| 005 | 20200930024452.0 | ||
| 008 | 110309s2001 dr 000 0 spa d | ||
| 020 | _a9993423254 | ||
| 040 |
_aDO-SdBNP _bspa _cBNPHU |
||
| 100 | 1 |
_aRamia Yapur, José _953319 |
|
| 245 | 1 | 0 |
_aSemblanzas del poder : _bel descubridor, presidentes y encargados del ejecutivo 1492-1930 / _cJosé Ramia Yapur ; ilustración Silvano Lora. |
| 260 |
_aSanto Domingo : _bFundación Dr. José Ramia Yapur, _c2001. _fEditora Amigo del Hogar |
||
| 300 |
_a111 p. : _bil. ; _c29 cm. |
||
| 700 | 1 |
_aLora, Silvano _eil. _945559 |
|
| 049 | _aBNPD | ||
| 999 |
_c25785 _d25785 |
||